000 00951nam a2200265Ia 4500
003 OSt
005 20221005111417.0
006 a|||||r|||| 00| 0
007 ta
008 221004b |||||||| |||| 00| 0 hin d
020 _a9789387409965 (hbk)
_cINR 595.00
024 _a42446
037 _bGV/792, 21/02/2019, Vani Prakashan
_cTextual
040 _aCRL
_cCRL
_bhin
041 _2hin
_ahin
082 _aO152:g, Q7
100 _aबिष्ट, शेरसिंह, ले.
245 0 _aसमीक्षा की कसौटी पर
246 _aSamīkṣhā kī kasauṭī para
260 _aनई दिल्ली
_bवाणी प्रकाशन भारत
_c2017
300 _a272पृ0
_ccm.
650 _aहिन्दी आलोचना
942 _hO152:g, Q7
_cTEXL
_2cc
999 _c1021768
_d1021768